| Tag |
First Indicator |
Second Indicator |
Subfields |
| LEADER |
00000cam a2200000 a 4500 |
| 001 |
in00000012201 |
| 005 |
20151007051759.0 |
| 008 |
880212s1987 txua b 10010 eng d |
| 035 |
|
|
|a (OCoLC)17469657
|
| 035 |
|
|
|9 AAA4755AM
|
| 040 |
|
|
|a TXR
|c TXR
|d TXA
|d UtOrBLW
|
| 049 |
|
|
|a TXAM
|c [A12583215]
|
| 050 |
|
4 |
|a HF5630
|b .F92 1987
|
| 245 |
0 |
0 |
|a Future of accounting education :
|b papers and proceedings of the Grant Thornton Educator's Conference in honor of retirement of E.J. DeMaris ; sponsored by Grant Thornton and North Texas State University ; April 10, 11, 1986 /
|c Teddy L. Coe and Barbara D. Merino, editors.
|
| 264 |
|
1 |
|a Denton, TX :
|b Dept. of Accounting, College of Business Administration, North Texas State University,
|c 1987.
|
| 300 |
|
|
|a xii, 113 pages :
|b illustrations ;
|c 23 cm.
|
| 336 |
|
|
|a text
|b txt
|2 rdacontent
|
| 337 |
|
|
|a unmediated
|b n
|2 rdamedia
|
| 338 |
|
|
|a volume
|b nc
|2 rdacarrier
|
| 504 |
|
|
|a Includes bibliographical references.
|
| 650 |
|
0 |
|a Accounting
|x Study and teaching.
|
| 700 |
1 |
|
|a Coe, Teddy Lewis.
|
| 700 |
1 |
|
|a Merino, Barbara Dubis.
|
| 710 |
2 |
|
|a Grant Thornton.
|
| 710 |
2 |
|
|a North Texas State University.
|b Department of Accounting.
|
| 711 |
2 |
|
|a Grant Thornton Educator's Conference
|d (1986 :
|c North Texas State University)
|
| 999 |
|
|
|a MARS
|
| 999 |
f |
f |
|s 89236975-98af-3a63-8ea5-89cb9e5e0d28
|i b2920cd5-ff0e-3b44-a09b-86d9dcd9278e
|t 0
|
| 952 |
f |
f |
|p ric
|a Texas A&M University
|b Rellis Campus
|c Joint Library Facility
|d Remote Storage
|t 0
|e HF5630 .F92 1987
|h Library of Congress classification
|i unmediated -- volume
|m A14812583215
|
| 998 |
f |
f |
|a HF5630 .F92 1987
|t 0
|l Remote Storage
|